Česko-polská konverzace

Bibliographic Details
Main Author: Kounovská, Elwira (Author)
Format: Book
Language:Undetermined
PhysicalDescription:286 s.
Published: Praha Státní pedagogické nakladatelství 1980

MARC

LEADER 00000nam a2200000 a 4500
001 vtls001284613
003 SK-MaSNL
005 20260416164844.0
008 240314s1980 xx 0 und
035 |a SNK000236115 
040 |a SNK  |b slo  |c SNK  |e AACR2 
100 1 |a Kounovská, Elwira  |4 aut  |9 382641 
245 1 0 |a Česko-polská konverzace 
260 |a Praha  |b Státní pedagogické nakladatelství  |c 1980 
300 |a 286 s. 
958 |a OND 
999 |c 628336  |d 630266 
952 |t P60, <04>, [BOOK], {604}  |a SNK  |b SNK  |y VYP  |7 0  |p 17A0062230  |o snkIE 6969 D1  |0 0  |1 1  |4 0  |d 1997-04-24  |l 0  |r 2005-01-02 00:00:00  |w 2026-02-23